000 00262nam a22001217a 4500
008 210224b ||||| |||| 00| 0 eng d
041 _aeng
080 _a61
100 _a3
101 _aSHM
245 _aMethods In Cell Research
_cRuthmann,A
942 _2udc
_cBK
999 _c55159
_d55159